000 01356nam a2200361 a 4500
001 ebr10233786
003 CaPaEBR
006 m u
007 cr cn|||||||||
008 080122s2008 mau s 000 0 eng d
010 _z 2008002900
020 _z9781857885071
020 _z9781857884074
040 _aCaPaEBR
_cCaPaEBR
035 _a(OCoLC)320325854
043 _an-us-nm
050 1 4 _aE99.N3
_bL365 2008eb
082 0 4 _a978.9004/9726
_222
100 1 _aLangley, Charles,
_d1950-
245 1 0 _aMeeting the medicine men
_h[electronic resource] :
_ban Englishman's travels among the Navajo /
_cCharles Langley.
260 _aBoston :
_bNicholas Brealey Publishing,
_c2008.
300 _axv, 254 p.
533 _aElectronic reproduction.
_bPalo Alto, Calif. :
_cebrary,
_d2009.
_nAvailable via World Wide Web.
_nAccess may be limited to ebrary affiliated libraries.
600 1 0 _aLangley, Charles,
_d1980-
650 0 _aNavajo Indians
_xReligion.
650 0 _aNavajo Indians
_xMedicine.
650 0 _aShamans
_zNew Mexico.
650 0 _aTraditional medicine
_zNew Mexico.
651 0 _aNew Mexico
_xSocial life and customs.
655 7 _aElectronic books.
_2local
710 2 _aebrary, Inc.
856 4 0 _uhttp://site.ebrary.com/lib/rucke/Doc?id=10233786
_zAn electronic book accessible through the World Wide Web; click to view
999 _c152400
_d152400